000 00981nib a2200277ua 4500
001 000083452
003 OSt
005 20230918173753.0
008 170809s1995 ck 049 e | z|spa d
040 _cCO-MqBPB
041 _aspa
043 _as-ck---
082 0 4 _a860.322
_bD86p
_221
100 1 _aCasas de Dupuy, Cecilia
245 1 0 _aEl poeta José Martí (Conferencia) :
_b[disco sonoro] /
_cpor Cecilia Casas de Dupuy.
260 _aBogotá :
_bCasa de Poesía Silva,
_c1995.
300 _a1 disco compacto :
_bsonido
_e(49 min.)
490 0 _aVoces para el tiempo
_v322
500 _a30 de Noviembre de 1995
600 1 4 _aMartí, José
_d1853-1895
_vCongresos, conferencias, etc.
_xHomenajes postumos
650 1 4 _aPoesía cubana
_vCongresos, conferencias, etc.
_xHistoria y crítica
650 2 4 _aPoetas
_xCrítica e interpretación
700 1 _aCarranza, María Mercedes
_d1945-2003
_eAnuncio
700 1 _aCasas, Cecilia Dupuy de
_eConferencias
942 _2ddc
_cCDROM
999 _c11322
_d11322